¿Quién mató a Palomino Molero? /
Salvato in:
| Autore principale: | |
|---|---|
| Natura: | Sconosciuto |
| Lingua: | Spanish |
| Pubblicazione: |
Barcelona, España :
Seix Barral,
1986.
|
| Edizione: | 1a edición |
| Soggetti: | |
| Tags: |
Aggiungi Tag
Nessun Tag, puoi essere il primo ad aggiungerne!!
|
MARC
| LEADER | 000000000a22000000004500 | ||
|---|---|---|---|
| 001 | 013026 | ||
| 020 | |a 8432205427 | ||
| 041 | 0 | |a spa | |
| 082 | 0 | 4 | |a Pe863.4 |b V297q |
| 100 | 1 | |a Vargas Llosa, Mario, |d 1936- | |
| 245 | 1 | 1 | |a ¿Quién mató a Palomino Molero? / |c Mario Vargas Llosa. |
| 250 | |a 1a edición | ||
| 260 | 1 | |a Barcelona, España : |b Seix Barral, |c 1986. | |
| 300 | |a 189 páginas | ||
| 500 | |a Material disponible en BCMA | ||
| 650 | 4 | |a LITERATURA PERUANA | |
| 650 | 4 | |a NOVELA | |
| 500 | |a Colección George Yúdice | ||
| 999 | |c 18970 |d 18970 | ||
| 942 | |c BK |h Pe863.4 V297q |2 z | ||



